| 000 | 00495nam a2200205 i 4500 | ||
|---|---|---|---|
| 001 | bg | ||
| 245 | 0 | 0 | _aMetrology - in short. |
| 260 |
_aLyngby : _bPreben Howarth, _c2000. |
||
| 300 |
_a44 s. ; _c21 cm. |
||
| 500 | _aEuromet project no. 595 | ||
| 650 | 9 |
_aPomiary _xnormalizacja. |
|
| 650 | 9 |
_aPomiary _xteoria. |
|
| 020 | _a8798815407 | ||
| 040 | _cBPK | ||
| 041 | 1 | _aeng. | |
| 080 | _a006.91 | ||
| 920 | _a87-988154-0-7 | ||
| 942 | _cKS | ||
| 008 | 100823s2000 de a |000 0 eng | ||
| 999 |
_c50817 _d50817 |
||
| 856 |
_uhttp://koha.tu.koszalin.pl/cgi-bin/koha/opac-detail.pl?biblionumber=50817 _yKatalog online BPK |
||